Магнитная сепарация водных суспензий от железосодержащих пигментов; Современные техника и технологии; Т. 3

Bibliografiset tiedot
Parent link:Современные техника и технологии: сборник трудов XVIII международной научно-практической конференции студентов, аспирантов и молодых ученых, Томск, 9-13 апреля 2012 г/ Национальный исследовательский Томский политехнический университет (ТПУ).— , 2012
Т. 3.— 2012.— [С. 31-32]
Päätekijä: Корепанова Н. В.
Yhteisötekijä: Национальный исследовательский Томский политехнический университет (ТПУ)
Muut tekijät: Копылов А. В. (научный руководитель), Каренгин А. А., Каренгин А. Г. Александр Григорьевич
Yhteenveto:Заглавие с титульного листа
Kieli:venäjä
Julkaistu: 2012
Sarja:Секция 8: Физические методы в науке и технике
Aiheet:
Linkit:http://www.lib.tpu.ru/fulltext/v/Conferences/2012/C2/V3/v3_014.pdf
Aineistotyyppi: Elektroninen Kirjan osa
KOHA link:https://koha.lib.tpu.ru/cgi-bin/koha/opac-detail.pl?biblionumber=225308

MARC

LEADER 00000nla2a2200000 4500
001 225308
005 20240117104647.0
035 |a (RuTPU)RU\TPU\book\245650 
035 |a RU\TPU\book\245643 
090 |a 225308 
100 |a 20121109d2012 k y0rusy50 ca 
101 0 |a rus 
102 |a RU 
105 |a y z 101zy 
135 |a drcn ---uucaa 
181 0 |a i  
182 0 |a b 
200 1 |a Магнитная сепарация водных суспензий от железосодержащих пигментов  |f Н. В. Корепанова, А. В. Копылов, А. А. Каренгин  |g Национальный исследовательский Томский политехнический университет (ТПУ) ; науч. рук. А. Г. Каренгин 
203 |a Текст  |c электронный 
215 |a 1 файл (793 Kb) 
225 1 |a Секция 8: Физические методы в науке и технике 
300 |a Заглавие с титульного листа 
320 |a [Библиогр.: с. 32 (2 назв.)] 
337 |a Adobe Reader 
461 1 |0 (RuTPU)RU\TPU\book\240890  |t Современные техника и технологии  |o сборник трудов XVIII международной научно-практической конференции студентов, аспирантов и молодых ученых, Томск, 9-13 апреля 2012 г  |o в 3 т.  |f Национальный исследовательский Томский политехнический университет (ТПУ)  |d 2012 
463 1 |0 (RuTPU)RU\TPU\book\245545  |t Т. 3  |v [С. 31-32]  |d 2012  |p 447 с. 
610 1 |a электронный ресурс 
610 1 |a труды учёных ТПУ 
610 1 |a магнитная сепарация 
610 1 |a водные суспензии 
610 1 |a железосодержащие подземные воды 
610 1 |a пигменты 
700 1 |a Корепанова  |b Н. В. 
701 1 |a Копылов  |b А. В. 
701 1 |a Каренгин  |b А. А. 
702 1 |a Каренгин  |b А. Г.  |c физик  |c доцент Томского политехнического университета, кандидат физико-математических наук  |f 1950-  |g Александр Григорьевич  |4 727  |9 10751 
712 0 2 |a Национальный исследовательский Томский политехнический университет (ТПУ)  |c (2009- )  |3 (RuTPU)RU\TPU\col\15902 
801 2 |a RU  |b 63413507  |c 20130924  |g RCR 
856 4 |u http://www.lib.tpu.ru/fulltext/v/Conferences/2012/C2/V3/v3_014.pdf 
942 |c CF